00900nam a2200301Ia 4500008004100000020001600041050000800057050001400065100001600079245004200095245002400137245001500161260001600176260002600192260000900218300002200227300003400249300001100283500002000294650002500314650003400339650004800373650001800421650001400439650001100453999001900464952011500483170203s9999 xx 000 0 und d a0 590963937 a413 bY76r 1994 aYoung, Sue. 4aThe Scholastic rhyming dictionary :  bover 15,000 words / cSue Young. aNew York :  bScholastic Reference. c1994 avii, 213 pages :  billustrations (some color) ;  c23 cm. aIncludes index. aEnglish language --  aEnglish language -- Rhyme --  aEnglish language -- Rhyme -- Dictionaries,  xDictionaries. xJuvenile. xRhyme. c305711d305711 001040aSSISBbSSISBc REFd2017-02-03l0oRef. 413 .Y76r 1994pLS- 2538r2017-02-03 00:00:00w2017-02-03yBK